Science Quiz

Random Science Quiz
Score 0/50 Timer 10:00
0 Plays Today
Drug Name Condition % Correct
Oxycodonepain
90.9%
Zoloftdepression
83%
Xanaxanxiety
81.5%
Ambieninsomnia
80.7%
Percocetpain
79.5%
Viagraerectile dysfunction
78.6%
AdderallADHD
74.5%
Paxildepression
71.8%
Allegraseasonal allergy
69.1%
Lipitorhigh cholesterol
66.2%
Lunestainsomnia
65.1%
Albuterolasthma
63.9%
Advairasthma
63.5%
Cialiserectile dysfunction
62.5%
Zyrtecallergies
62%
Effexordepression
61.4%
Clonazepamseizure
60.8%
NexiumGERD
60.2%
ZantacGERD
56.4%
Ativananxiety
56%
PrilosecGERD
55%
Clarinexallergies
53.7%
Demerolpain
49.8%
Crestorhigh cholesterol
49.6%
Abilifyschizophrenia
49.2%
Drug Name Condition % Correct
Prevacidulcer
47.1%
Zocorhigh cholesterol
43.2%
Valtrexgenital herpes
43.2%
Coumadinheart attack
42.5%
Celebrexarthritis
42.1%
Seroquelschizophrenia
41.7%
Synthroidhypothyroidism
40.7%
Propeciahair loss
40.5%
Flomaxenlarged prostate
40.2%
Toprolhypertension
39.2%
Diovanhypertension
36.9%
Imitrexmigraines
35.1%
Zybansmoking cessation
34.7%
Plavixheart disease
34.2%
SpirivaCOPD
33%
Verapamilangina
32.8%
Naproxenrheumatoid arthritis
31.7%
Detroloveractive bladder
28.4%
Vioxxarthritis
27.2%
Topamaxepilepsy
27%
Coregheart attack
26.8%
Depakotebipolar disorder
25.9%
Diflucanyeast infection
25.7%
Lovenoxblood clots
22.2%
Requipparkinson's disease
19.9%
Remove Ads.
Support Sporcle.
Get the best of Sporcle when you Go Orange. This ad-free experience offers more features, more stats, and more fun while also helping to support Sporcle. Thank you for becoming a member.

You're not logged in!

Compare scores with friends on all Sporcle quizzes.
OR
Log In

Show Comments

Extras

Top Quizzes Today


Score Distribution

Your Account Isn't Verified!

In order to create a playlist on Sporcle, you need to verify the email address you used during registration. Go to your Sporcle Settings to finish the process.

Report this User

Report this user for behavior that violates our Community Guidelines.

Details: